MARC

LEADER 00000nam0a2200000 4500
001 673975
005 20240807105958.0
090 |a 673975 
100 |a 20240807d1979 km|y0rusy50 ca 
101 0 |a rus 
102 |a RU 
105 |a a z 001yy 
181 0 |a i   |b  e  
182 0 |a n 
183 0 |a nc  |2 RDAcarrier 
200 1 |a Профилирование затылованных инструментов  |f А. В. Цепков 
203 |a Текст  |b визуальный  |c непосредственный 
210 |a Москва  |c Машиностроение  |d 1979 
215 |a 150 с.  |c ил. 
283 |a volume  |2 RDAcarrier 
320 |a Список литературы: с. 148 
606 1 |a Инструменты затылованные  |x Профилирование  |9 39461 
610 1 |a затылованные инструменты 
610 1 |a задние поверхности 
610 1 |a цилиндрические червячные фрезы 
610 1 |a дисковые инструменты 
610 1 |a червячные инструменты 
610 1 |a расчеты 
610 1 |a режущие инструменты 
675 |a 621.9.025  |v 4 
700 1 |a Цепков  |b А. В.  |g Алексей Васильевич 
801 0 |a RU  |b 63413507  |c 20240807 
830 |a Ретро2024Каталогизация Кузнецова 
850 |a 63413507 
942 |c BK